LEADER 01055nam a2200253 u 4500 001 000000055425 003 CaOOAMICUS 005 20070226115801.0 008 010129s1972 it u000 u ita u 035 $a10866549 040 $aPUL(R)$bita 100 1 $aTurchini, Angelo.$0(OLS)http://pul/name/12276 245 14$aGli ex voto di Monte Berico /$cA. Turchini. 260 $aPadova :$bTipografia Antoniana,$c1972. 300 $aP. [610]-617 ;$c24 cm 500 $a"Estratto da 'Studia Patavina - Rivista di scienze religiose' Anno XIX, 3". 504 $aBibliografia in nota. 610 20$aSantuario della Madonna di Monte Berico (Vicenza, Italy).$2//eng$0(OLS)http://pul/subject/22479 850 $aPUL 852 $aPUL$W1$xDP1 Fondo Maccarrone$y58$m1527 C 55$j72876$nBK-PRI$b $qFondi$B72876$CPULBib$Z2$F72876 $H $81 941 1 $a1 961 $aINV: F. Maccarrone 996 $6245$aGli ex voto di Monte Berico$9(OLS)http://pul/title/9359 996 $6260$aPadova :$bTipografia Antoniana$9(OLS)http://pul/publisher/68990 LEADER 01409nam a2200325 u 4500 001 000000047978 003 CaOOAMICUS 005 20070226114939.0 008 000317s1991 it u000 u ita u 035 $a10843841 040 $aPUL$bita$dMSA 041 0 $aita$alat 110 2 $aPapi (1878-1903 : Leo PP. XIII).$0(OLS)http://pul/name/1187 240 10$aRerum novarum.$lItaliano e latino.$0(OLS)http://pul/title/64593 245 12$aL'enciclica Rerum Novarum e il suo tempo /$ca cura di Giovanni Antonazzi e Gabriele De Rosa. 260 $aRoma :$bEdizioni di Storia e Letteratura,$c1991. 300 $a207 p. ;$c25 cm 500 $aTesto italiano e latino a fronte. 610 24$aPapi (1878-1903 : Leo PP. XIII).$tRerum novarum.$0(OLS)http://pul/subject/7220 700 1 $aDe Rosa, Gabriele,$d1917-2009.$0(OLS)http://pul/name/2754 700 1 $aAntonazzi, Giovanni,$d1913-2007.$0(OLS)http://pul/name/1859 850 $aPUL 852 $aPUL$W1$xDP1 Cons. Gen., Altre Classi 1$y22$m43 G 79$j64018$nBK-PRI$b $qStampati$B64018$CPULBib$Z2$F64018 $81 900 $aLeo PP.$bXIII,$d1810-1903$91187 900 $aLeo PP.$bXIII,$d1810-1903$91187 941 1 $a8 960 $aRerum novarum$97220 961 $aINV: 80467 996 $6245$aL'enciclica Rerum Novarum e il suo tempo$9(OLS)http://pul/title/64594 996 $6260$aRoma :$bEdizioni di Storia e Letteratura$9(OLS)http://pul/publisher/48123